Descripcin̤ de los mťodos permitidos por la LISR

Detalles Bibliográficos
Formato: eBook
Lenguaje:español
Publicado: Mx̌ico D.F. : Instituto Mexicano de Contadores Pb︢licos, 2012
Materias:
Acceso en línea:http://www.vlex.com/source/7122

MARC

LEADER 00000nam a22000007a 4500
005 20130225150941.0
007 cr|||| ||||
008 130225e2012 mx |||||s|||| 00||0 spa d
020 |a 978-6077-6211-71 
035 |a 7122 
040 |a vLex 
090 |c 3743  |d 3743 
245 0 0 |a Descripcin̤ de los mťodos permitidos por la LISR  |h [Recurso electrn̤ico] 
256 |a Servicio en ln̕ea 
260 |a Mx̌ico D.F. :  |b Instituto Mexicano de Contadores Pb︢licos,   |c 2012  
300 |a 1 Recurso electrn̤ico 
650 0 4 |a Derecho tributario  |z Mx̌ico 
740 |a vLex Libros (Servicio en ln̕ea) 
856 |a Accceso restringido  |u http://www.vlex.com/source/7122 
942 |c BOOK 
999 0 |a Taxation